000 00358nam a2200133Ia 4500
008 151001s9999||||xx |||||||||||||| ||und||
100 _a राहुल
245 _aमानव और जीवन
250 _a1
260 _bराजेंद्र प्रकाशन ठाणे
260 _c2007
300 _a16
365 _b21
999 _c992525
_d992522